| 000 | 00909nas a2200289 4500 | ||
|---|---|---|---|
| 001 | BR0201542 | ||
| 003 | BR-BrBNA | ||
| 005 | 20231205102824.0 | ||
| 007 | ta | ||
| 008 | 230509b bl.|||p| |||| 00| 00por d | ||
| 040 |
_aBR-BrBNA _bpor _cBiblioteca Nacional de Agricultura |
||
| 041 | _a(Pt) | ||
| 072 | _aH10 | ||
| 100 | 1 | _aNascimento, A.S. | |
| 100 | 1 | _aMatrangolo, W.J.R. | |
| 100 | 1 | _aBarbosa, C.J. | |
| 100 | 1 | _aMarques, O.M. | |
| 100 | 1 | _aHabibe, T.C. | |
| 245 | 1 | _aAssociação de moscas-das-frutas (Diptera: Tephritidae)com a "meleira do mamoeiro" (Carica papaya L.) | |
| 650 | _aMamão | ||
| 650 | _aMosca das Frutas | ||
| 650 | _aMosca-do-Mediterraneo | ||
| 650 | _aPlanta Hospedeira | ||
| 773 | 0 |
_tAnais da Sociedade Entomológica do Brasil (Brazil) _xISSN 0301-8059 _g(Dec 2000), v. 29(4) p. 821-825 _wBR0201542 |
|
| 909 |
_a202311 _bLúcia _c55 _dLúcia Elande |
||
| 942 |
_2AGRIS _n0 _cANA |
||
| 999 |
_c169521 _d169521 |
||